| 000 | nam a22 7a 4500 | ||
|---|---|---|---|
| 999 |
_c126614 _d126614 |
||
| 008 | 170809b xxu||||| |||| 00| 0 eng d | ||
| 050 | _aPN1643.M663 | ||
| 245 |
_aCommunity Theatre: The Mindanao Experience _bSelected readings on popular theatre based on the proceedings of the First Mindanao Forum on Community Theatre _cMindanao Forum on Community Theatre |
||
| 260 |
_aPhilippines _bKulturang Atin Foundation Inc. _c1983 |
||
| 300 |
_aiv. 55p. ; _c26cm. |
||
| 650 |
_aDrama and politics _934670 |
||
| 942 |
_2lcc _cMONOGRAPH |
||